Post-cold war police reform and the transformation of the modern political field: (Record no. 506367)

000 -LEADER
fixed length control field 00444nam a2200157Ia 4500
008 - FIXED-LENGTH DATA ELEMENTS--GENERAL INFORMATION
fixed length control field 181130s2017 xx 000 0 und d
100 ## - MAIN ENTRY--PERSONAL NAME
Personal name Hulagu, Funda
245 ## - TITLE STATEMENT
Title Post-cold war police reform and the transformation of the modern political field:
Remainder of title reflections from Turkey
260 ## - PUBLICATION, DISTRIBUTION, ETC.
Date of publication, distribution, etc. 2017
300 ## - PHYSICAL DESCRIPTION
Extent p.98-123.
504 ## - BIBLIOGRAPHY, ETC. NOTE
-- Jan
650 ## - SUBJECT ADDED ENTRY--TOPICAL TERM
Topical term or geographic name entry element Police
650 ## - SUBJECT ADDED ENTRY--TOPICAL TERM
Topical term or geographic name entry element Police - Turkey
773 ## - HOST ITEM ENTRY
Main entry heading Science and Society
906 ## - LOCAL DATA ELEMENT F, LDF (RLIN)
a Police
Holdings
Withdrawn status Lost status Damaged status Not for loan Permanent Location Current Location Date acquired Serial Enumeration / chronology Barcode Date last seen Price effective from Koha item type
        Indian Institute of Public Administration Indian Institute of Public Administration 2018-12-07 81(1), Jan, 2017: p.98-123. AR118162 2018-12-07 2018-12-07 Articles

Powered by Koha